[Event "Tata Steel Challengers"]
[Site "Wijk aan Zee NED"]
[Date "2025.01.22"]
[Round "5.5"]
[White "L'Ami, Erwin"]
[Black "Divya, Deshmukh"]
[Result "1-0"]
[WhiteTitle "GM"]
[BlackTitle "IM"]
[WhiteElo "2614"]
[BlackElo "2490"]
[WhiteFideId "1007998"]
[BlackFideId "35006916"]
[EventDate "2025.01.18"]

1. Nf3 d5 2. c4 e6 3. g3 Nf6 4. Bg2 Be7 5. O-O O-O 6. d4 dxc4 7. Qa4 a6 8. Qxc4
b5 9. Qc2 Bb7 10. Bd2 Ra7 11. Rc1 Be4 12. Qb3 Bd5 13. Qe3 Ng4 14. Qd3 Bc4 15.
Rxc4 bxc4 16. Qxc4 Nf6 17. Nc3 Nbd7 18. b4 Qb8 19. a3 a5 20. b5 Bd6 21. e4 e5
22. h3 Rb7 23. Be3 Re8 24. a4 exd4 25. Bxd4 Nxe4 26. Nxe4 Rxe4 27. Qd5 Re7 28.
Nh4 Rb6 29. Nf5 Re6 30. Nxg7 Re5 31. Bxe5 Bxe5 32. Qxd7 Bxa1 33. Nf5 Bf6 34. Bd5
Qd8 35. Qxf7+ Kh8 36. Be4 Rb8 37. Kg2 Rb6 38. Nd4 Qg8 39. Qxg8+ Kxg8 40. Nc6 Bc3
41. Kf3 Kg7 42. Ke2 h6 43. f4 Kf7 44. Bd5+ Kg6 45. g4 Bf6 46. Kf3 Bh4 47. Nxa5
Rd6 48. Ke4 Rd8 49. Nc6 Re8+ 50. Ne5+ Kf6 51. a5 Bf2 52. a6 Ke7 53. h4 1-0

[Event "Tata Steel Challengers"]
[Site "Wijk aan Zee NED"]
[Date "2025.01.22"]
[Round "5.6"]
[White "Gurel, Ediz"]
[Black "Nguyen, Thai Dai Van"]
[Result "1/2-1/2"]
[WhiteTitle "GM"]
[BlackTitle "GM"]
[WhiteElo "2624"]
[BlackElo "2668"]
[WhiteFideId "44507356"]
[BlackFideId "358878"]
[EventDate "2025.01.18"]

1. e4 e5 2. Nf3 Nc6 3. Bb5 Nf6 4. d3 d6 5. O-O Be7 6. Re1 O-O 7. c3 a6 8. Ba4
Re8 9. Nbd2 Bf8 10. Nf1 h6 11. Ng3 b5 12. Bb3 Be6 13. a4 b4 14. Bxe6 Rxe6 15. d4
d5 16. dxe5 Nxe4 17. c4 Nxe5 18. cxd5 Nxf2 19. Kxf2 Ng4+ 20. Kf1 Rxe1+ 21. Qxe1
Qf6 22. Qe4 Nxh2+ 23. Kg1 Nxf3+ 24. gxf3 Bd6 25. Nf5 Rd8 26. Nxd6 Rxd6 27. Qe8+
Kh7 28. Qe4+ Kg8 29. Kf2 c6 30. dxc6 Rxc6 31. Bd2 Qd6 32. Bf4 Qc5+ 33. Kf1 Re6
34. Qd3 Rg6 35. Re1 Qg1+ 36. Ke2 Qg2+ 37. Kd1 Qxb2 38. Qc2 Qd4+ 39. Bd2 Qa1+ 40.
Ke2 Qd4 41. Kd1 Qa1+ 42. Ke2 Qf6 43. Qd3 b3 44. Bc3 Qh4 45. Kd1 Qxa4 46. Bb2 Qh4
47. Re8+ Kh7 48. Re4 Qh2 49. Re2 Qd6 50. Kd2 Qb4+ 51. Kd1 Qd6 52. Kd2 Qb4+ 53.
Kd1 a5 54. Re4 Qd6 55. Rd4 Qh2 56. Kc1 Qc7+ 57. Bc3 Qh2 58. Bxa5 f5 59. Bd2 Qe5
60. Bc3 Qe6 61. Rd5 Rg2 62. Bd2 Qf6 63. Qxb3 Rg1+ 64. Kc2 Qc6+ 65. Kd3 Qa6+ 66.
Ke3 Qa7+ 67. Rd4 Qe7+ 68. Kd3 Qe5 69. Rd5 Qe6 70. Qb5 Rb1 71. Qc5 Rb3+ 72. Bc3
Qe1 73. Qd4 Qf1+ 74. Kc2 Rb7 75. Qd3 Qxd3+ 76. Kxd3 Rf7 77. Ke3 Kg6 78. Kf4 Rc7
79. Bd4 Rf7 80. Bf2 Rb7 81. Rd6+ Kh5 82. Kxf5 Rf7+ 83. Ke4 Re7+ 84. Kf4 g5+ 85.
Kf5 Rb7 86. Bd4 Rb3 87. Ke4 Rb4 88. Rc6 Ra4 89. Ke3 Ra3+ 90. Kf2 Ra2+ 91. Kg3
Ra3 92. Re6 Rb3 93. Bc5 Rb8 94. Rf6 Rg8 95. Re6 Rg6 96. Re5 Rf6 97. Be3 Kg6 98.
Rd5 Re6 99. Bd4 Kh5 100. Kf2 Kg6 101. Be5 Kf5 102. Bb2+ Kg6 103. Bd4 Ra6 104.
Ke3 Re6+ 105. Kd3 Re7 106. Be5 Rb7 107. Ke4 Kh5 108. Rd6 Rb4+ 109. Kf5 Rb3 110.
f4 gxf4 111. Bxf4 Rb5+ 112. Be5 Rb1 113. Rd3 Rb4 114. Ra3 Rc4 115. Bd6 Rd4 116.
Bf4 Kh4 117. Ra6 h5 118. Ra3 Rxf4+ 119. Kxf4 1/2-1/2

[Event "Tata Steel Challengers"]
[Site "Wijk aan Zee NED"]
[Date "2025.01.22"]
[Round "5.7"]
[White "Nogerbek, Kazybek"]
[Black "Bulmaga, Irina"]
[Result "1-0"]
[WhiteTitle "GM"]
[BlackTitle "IM"]
[WhiteElo "2514"]
[BlackElo "2386"]
[WhiteFideId "13710427"]
[BlackFideId "13903063"]
[EventDate "2025.01.18"]

1. c4 Nf6 2. Nc3 g6 3. Nf3 Bg7 4. e4 d6 5. d4 O-O 6. Be2 e5 7. O-O Nc6 8. d5 Ne7
9. b4 Nh5 10. Re1 a5 11. bxa5 Rxa5 12. a4 f5 13. Ra3 fxe4 14. Nxe4 Nf4 15. Bf1
b6 16. Nfd2 Bd7 17. g3 Nh5 18. Nb1 Nf6 19. Bg2 Nxe4 20. Bxe4 Nf5 21. Nc3 Qf6 22.
Nb5 Nd4 23. f3 Bf5 24. Kg2 Qf7 25. Bb2 Bxe4 26. Rxe4 Nf5 27. Bc3 Ra6 28. Be1 h5
29. Bf2 Ra5 30. h3 Raa8 31. g4 Nh6 32. Qd3 Kh8 33. Re2 Ng8 34. g5 Kh7 35. Rea2
Qe7 36. h4 Rf7 37. a5 bxa5 38. Rxa5 Raf8 39. Ra7 Rxf3 40. Qxf3 Rxf3 41. Kxf3 Qd7
42. Rxc7 Qg4+ 43. Ke3 Qf4+ 44. Ke2 Ne7 45. Nxd6 Nf5 46. Nxf5 Qxf5 47. Raa7 Qe4+
48. Kd2 Kh8 49. Rxg7 Qxc4 50. Rgc7 Qxd5+ 51. Kc1 1-0